000
00285nam a2200121Ia 4500
008
191201s2013 xx 000 0 und d
100
_a
KANETKAR, Yashwant
245
0
_a
Understanding Pointers in C
260
_a
N. Delhi
_b
PHI
_c
2013
300
_a
539
650
_a
MCA
942
_2
ddc
_c
BK
999
_c
6049
_d
6049